The state in business : 1945 to the mid 1980s
Αποθηκεύτηκε σε:
| Κύριος συγγραφέας: | |
|---|---|
| Μορφή: | Βιβλίο |
| Γλώσσα: | English |
| Δημοσίευση: |
Houndmills :
Macmillan,
1991
|
| Σειρά: | Modern economy and society
|
| Θέματα: | |
| Ετικέτες: |
Προσθήκη ετικέτας
Δεν υπάρχουν, Καταχωρήστε ετικέτα πρώτοι!
|
MARC
| LEADER | 00000nam a2200000 i 4500 | ||
|---|---|---|---|
| 001 | 1/10955 | ||
| 008 | 970618s1991 eng d | ||
| 020 | |a 0-333-46874-0 | ||
| 035 | |l 10018070 | ||
| 040 | |a GR-MY-UA |b gre |e aacr | ||
| 041 | 0 | |a eng | |
| 082 | 0 | |a 338.620941 | |
| 100 | 1 | |a Ashworth, William. | |
| 245 | 1 | 4 | |a The state in business : |b 1945 to the mid 1980s / |c William Ashworth |
| 260 | |a Houndmills : |b Macmillan, |c 1991 | ||
| 300 | |a xii, 240 p.; |c 22 cm | ||
| 490 | 1 | |a Modern economy and society | |
| 504 | |a Includes bibliographical references (p. 209-233) and index | ||
| 650 | 0 | 0 | |a Government business enterprises |z Great Britain. |
| 650 | 0 | 0 | |a Government ownership |z Great Britain. |
| 830 | 0 | |a Modern economy and society | |
| 852 | |a INST |b LESVOS |e 19970618 |h 338.620941 ASH |p 005100010966 |q 005100010966 |t BK |y 0 | ||
| 909 | |a Λ |b 034024 | ||